00814 2200193 4500001002100000005001500021035002000036245023600056100002000292250002000312300005500332856002200387700009500409260003600504082001200540084001900552020002100571650002800592INLIS00000000114814720260331113743 a0010-03260006581 aRISALAH SHALAT WAJIB DAN SUNNAH :bMENGETAHUI ISI PIKIRAN ORANG LAIN DARI BAHASA TUBUH DAN EKSPRESI EMOSINYA /cPenulis.; Abd Qudsi Media.; Penyunting Abd.;Khaliq.; Tata letak.; r.l.Lampul.; Aulia.; embo.; Desain Sampul.; Aulia.;0 aAbd Qudsi Media acetakan pertama av - 305 halaman :bilustrasi ;c13 x 19 cmekertas aperpustakaan umum0 aPenyunting Abd.;Khaliq.; Tata letak.; r.l.Lampul.; Aulia.; embo.; Desain Sampul.; Aulia.; aYogyakarta :bInti Media,c2024 a297.412 a297.412 A bd a9789791179114953 4ashalat wajib dan sunnah